Central Library and Information Centre
Sibsagar Girls' College, Sivasagar : Assam

APPLICATION OF REDOX AND REAGENTS IN ORGANIC SYNTHESIS (Vol--1) (Record no. 19241)

MARC details
000 -LEADER
fixed length control field 00462cam a2200181ua 4500
008 - FIXED-LENGTH DATA ELEMENTS--GENERAL INFORMATION
fixed length control field 130620n II |||gr||||Z||||||eng
040 ## - CATALOGING SOURCE
Original cataloging agency MAIN
041 ## - LANGUAGE CODE
-- English
082 ## - DEWEY DECIMAL CLASSIFICATION NUMBER
Classification number 547 KAR
100 ## - MAIN ENTRY--PERSONAL NAME
Personal name KAR, DR.RATAN KUMAR.
245 ## - TITLE STATEMENT
Title APPLICATION OF REDOX AND REAGENTS IN ORGANIC SYNTHESIS (Vol--1)
250 ## - EDITION STATEMENT
Edition statement REP.
260 ## - PUBLICATION, DISTRIBUTION, ETC.
Place of publication, distribution, etc. LONDON:
Name of publisher, distributor, etc. NEW CENTRAL BOOK AGENCY.
300 ## - PHYSICAL DESCRIPTION
Extent 505:
Dimensions 20CM.
942 ## - ADDED ENTRY ELEMENTS (KOHA)
Koha item type Books
653 ## - INDEX TERM--UNCONTROLLED
Uncontrolled term Organic chemistry
Holdings
Withdrawn status Lost status Damaged status Not for loan Collection code Home library Current library Shelving location Date acquired Full call number Barcode Date last seen Copy number Price effective from Koha item type Public note
        TBCHE Central Library and Information Centre Sibsagar Girls College Central Library and Information Centre Sibsagar Girls College CHEMISTRY BOOK RACK 11.06.2013 547 KAR 29538 27.02.2020 1 27.02.2020 Books V


Sibsagar Girl's College © 2020. All rights reserved.
Powered by Koha.
Maintained by Abhijit Borpuzari.